| 000 | 00486nam a2200181Ia 4500 | ||
|---|---|---|---|
| 008 | 191130s2001##################000#0#eng## | ||
| 020 | _a9780340803240 | ||
| 040 |
_aACL _cACL |
||
| 082 | _a193 WAT | ||
| 100 | _aWatts, Michael | ||
| 245 |
_aHeidegger: a beginner's guide _cMichael Watts |
||
| 260 |
_aLondon _bHodder & Stoughton _cc2001 |
||
| 300 | _axi, 99 p. ; 23 cm | ||
| 650 | _aPhilosophy | ||
| 990 | _acfd4eff4ac10000c0605897b40d5b910 | ||
| 991 | _a66791 | ||
| 999 |
_c203339 _d203339 |
||